| 000 -CABECERA |
| Longitud fija campo de control |
00690nam a2200205 a 4500 |
| 003 - IDENTIFICADOR DEL NÚMERO DE CONTROL |
| Identificador del número de control |
OSt |
| 005 - FECHA Y HORA DE LA ÚLTIMA TRANSACCIÓN |
| Fecha y hora de la última transacción |
20150224181840.0 |
| 008 - CÓDIGOS DE INFORMACIÓN DE LONGITUD FIJA |
| Códigos de información de longitud fija |
150130s2014 spco||| b||| 000 0 cat|d |
| 020 ## - NÚMERO INTERNACIONAL NORMALIZADO PARA LIBROS |
| Número Internacional Normalizado para Libros (ISBN) |
9788415232711 |
| 040 ## - FUENTE DE LA CATALOGACIÓN |
| Lengua de catalogación |
cat |
| Centro transcriptor |
CDMR |
| 245 00 - MENCIÓN DE TÍTULO |
| Título |
Papitu |
| Resto del título |
: sàtira, erotisme i provocació : 1908-1937 |
| Mención de responsabilidad, etc. |
Jaume Capdevila, coordinador ; Josep Maria Cadena, pròleg ; Jordi Clapés ... [et al.] |
| 260 ## - PUBLICACIÓN, DISTRIBUCIÓN, ETC. (PIE DE IMPRENTA) |
| Lugar de publicación, distribución, etc. |
El Papiol |
| Nombre del editor, distribuidor, etc. |
Efadós |
| Fecha de publicación, distribución, etc. |
2014 |
| 300 ## - DESCRIPCIÓN FÍSICA |
| Extensión |
215 p. |
| Otras características físicas |
il. col. |
| Dimensiones |
27 cm |
| 500 ## - NOTA GENERAL |
| Nota general |
Bibliografia |
| 630 07 - PUNTO DE ACCESO ADICIONAL DE MATERIA - TÍTULO UNIFORME |
| Título uniforme |
Papitu (Revista) |
| Fuente del encabezamiento o término |
lemac |
| 650 #7 - PUNTO DE ACCESO ADICIONAL DE MATERIA - TÉRMINO DE MATERIA |
| Término de materia o nombre geográfico como elemento inicial |
Humorisme gràfic |
| Subdivisión de materia general |
Revistes |
| Fuente del encabezamiento o término |
lemac |
| 9 (RLIN) |
3084 |
| 700 0# - PUNTO DE ACCESO ADICIONAL - NOMBRE DE PERSONA |
| Nombre de persona |
Kap |
| Término indicativo de función |
ed. |
| 9 (RLIN) |
1346 |
| 700 1# - PUNTO DE ACCESO ADICIONAL - NOMBRE DE PERSONA |
| Nombre de persona |
Cadena, Josep M. |
| Forma desarrollada del nombre |
(Josep Maria) |
| Fechas asociadas al nombre |
1935- |
| 9 (RLIN) |
2992 |
| 942 ## - ENTRADA DE ELEMENTOS AGREGADOS (KOHA) |
| Koha [por defecto] tipo de item |
Monografies |